Experts' guide to finding the right firm for the job (Record no. 70579)
[ view plain ]
| 000 -LEADER | |
|---|---|
| fixed length control field | 01154cam a2200229 4500 |
| 001 - CONTROL NUMBER | |
| control field | ABS65642 |
| 008 - FIXED-LENGTH DATA ELEMENTS--GENERAL INFORMATION | |
| fixed length control field | 020625n2002 000 0 eng u |
| 035 ## - SYSTEM CONTROL NUMBER | |
| System control number | (Sirsi) u118534 |
| 100 ## - MAIN ENTRY--PERSONAL NAME | |
| Personal name | Arletti, C. |
| 245 ## - TITLE STATEMENT | |
| Title | Experts' guide to finding the right firm for the job |
| 260 ## - PUBLICATION, DISTRIBUTION, ETC. | |
| Date of publication, distribution, etc. | 2002 |
| 490 ## - SERIES STATEMENT | |
| Series statement | Regeneration and Renewal |
| Volume/sequential designation | 24 May 2002, 19-21(2) |
| 520 ## - SUMMARY, ETC. | |
| Summary, etc. | Advises on the process to successfully choosing a planning consultancy for a regeneration project. Lists the key points an ideal brief should contain and stresses the importance for clients to choose the right planning consultant the first time. For information on the RTPI (Royal Town Planning Institute) directory of consultants visit www.rtpiconsultants.co.uk For advice or support from Planning Aid contact Planning Aid for London t +44 (0)20 7247 4900 or the RTPI t +44 (0) 020 7929 9494 for local branches. |
| 590 ## - LOCAL NOTE (RLIN) | |
| Local note | ABS |
| 650 ## - SUBJECT ADDED ENTRY--TOPICAL TERM | |
| Topical term or geographic name entry element | ROYAL TOWN PLANNING INSTITUTE |
| 650 ## - SUBJECT ADDED ENTRY--TOPICAL TERM | |
| Topical term or geographic name entry element | PLANNING CONSULTANTS |
| 650 ## - SUBJECT ADDED ENTRY--TOPICAL TERM | |
| Topical term or geographic name entry element | REGENERATION PROJECTS |
| 650 ## - SUBJECT ADDED ENTRY--TOPICAL TERM | |
| Topical term or geographic name entry element | CLIENTS |
| 650 ## - SUBJECT ADDED ENTRY--TOPICAL TERM | |
| Topical term or geographic name entry element | BRIEFS |
| 690 ## - LOCAL SUBJECT ADDED ENTRY--TOPICAL TERM (OCLC, RLIN) | |
| Topical term or geographic name as entry element | ENVIRONMENTAL AND LAND CONSULTANCY-PLANNING AND DEVELOPMENT |
| 942 ## - ADDED ENTRY ELEMENTS (KOHA) | |
| Suppress in OPAC | 0 |
| Withdrawn status | Lost status | Source of classification or shelving scheme | Damaged status | Not for loan | Home library | Current library | Shelving location | Date acquired | Total Checkouts | Full call number | Barcode | Date last seen | Copy number | Price effective from | Koha item type |
|---|---|---|---|---|---|---|---|---|---|---|---|---|---|---|---|
| Dewey Decimal Classification | London | London | Journal article | 25/06/2002 | ABS65642 | 118534-1001 | 06/08/2019 | 1 | 06/08/2019 | Journal article |